| 000 | 00837cam a2200277 a 4500 | ||
|---|---|---|---|
| 005 | 20260322212016.0 | ||
| 008 | data | ||
| 010 | _a94-49183 | ||
| 020 | _a9780887376405 | ||
| 020 | _a0887376401 | ||
| 040 |
_aDNLM _cDNLM |
||
| 041 | 0 | 9 | _aeng |
| 044 | _9United States | ||
| 060 | 1 | 0 |
_aWY 11.1 _bC289p 1995 |
| 100 | 1 | _aCarnegie, Mary Elizabeth. | |
| 245 | 1 | 4 |
_aThe path we tread : _bblacks in nursing worldwide, 1854-1994 / _cMary Elizabeth Carnegie. |
| 250 | _a3rd ed. | ||
| 260 |
_aNew York : _bNational League for Nursing Press, _cc1995. |
||
| 300 |
_axxi, 329 p. : _bill., ports. |
||
| 490 | 1 |
_aPub; _vno. 14-2678 |
|
| 504 | _aIncludes bibliographical references and index. | ||
| 650 | 1 | 2 | _aHistory of Nursing |
| 650 | 2 | 2 |
_aAfrican Continental Ancestry Group _xhistory |
| 830 | 0 | _aPub. (National League for Nursing) | |
| 001 | data | ||
| 999 |
_c353 _d353 |
||